00803nam a22001337a 4500003000900000005001700009008004100026040001300067100002800080245003200108260003400140300001700174520047800191IT-RoPau20220918181219.0140315b xxu||||| |||| 00| 0 eng d cIT-RoPau aIstituto Santa Famiglia aAnnunciare Cristo con Maria bIstituto Santa Famigliac2011 a8 pp.c21 cm aIndice Canto di esposizione saluto Acclamazione alla SS. Trinità Il Rosario, "compendio del Vangelo" Lettura biblica Consacrazione a Maria Silenzio Il Rosario: percorso di annuncio Misteri della luce 1° mistero - Il Battesimo di Gesù 2° mistero - Gesù si rivela a Cana 3° mistero - Annuncio del Regno di Dio 4° mistero - La Trasfigurazione di Gesù 5° mistero - L'istituzione dell'Eucarestia Messaggio finale Litanie in canto Canto eucaristico Canto finale